| 000 | 00758nam a2200229Ia 4500 | ||
|---|---|---|---|
| 001 | dia_1917 | ||
| 003 | CHAP | ||
| 005 | 20251021141447.0 | ||
| 008 | 220117s xx 000 0 und d | ||
| 010 | _a172453 | ||
| 040 | _cCHAP | ||
| 082 | _a633.2 S8Y | ||
| 100 |
_aStaniforth, A.R _9109452 |
||
| 245 |
_aPaja de Cereales / _c por A. R. Staniforth |
||
| 260 |
_aZaragoza ( EspaƱa) : _b Acribia, _c |
||
| 300 | _a183 p | ||
| 600 |
_aPaja - industralización, \ 2. Paja de trigo. \ 3. Paja - avena. \ 4. Paja de arroz.\ 5. Paja de cebada. \ 6. Paja de centeno. i.t. II. Ducar Maluenda, Pedro . trad. _9151828 |
||
| 901 | _a633.2 S8Y | ||
| 902 | _aM | ||
| 905 | _a000000 MEXA 0000000000ESP00 | ||
| 942 |
_cLIBRO _2ddc |
||
| 999 |
_c172453 _d172453 |
||